000 00206nam a22000977a 4500
041 _aENG
245 _aGate Notes Ape (Jrf )
260 _aDapoli
_bCaet
_c2001
650 _aAPE
856 _uCompetitive Exam ( 35 )
999 _c982
_d982